| 000 | 00781nam a22002295i 4500 | ||
|---|---|---|---|
| 001 | 171616 | ||
| 003 | ES-MaACL | ||
| 005 | 20240129175501.0 | ||
| 008 | 090522s1956 sp |||| | cat d | ||
| 080 | _a913(460.23) | ||
| 100 | 1 |
_aSoldevila, Carles. _9107110 |
|
| 245 | 1 | 0 |
_aBellesa de Catalunya _b: arte, vida, paisatge / _cCarles Soldevila ; pórtic de Joan Maragall. |
| 250 | _a[1ª ed.]. | ||
| 260 |
_aBarcelona : _bAedos, _c[1956] |
||
| 300 |
_a418 p., 12 lám. col., 51 lám. neg. : _bil. ; _c29 cm. |
||
| 490 | 1 |
_aCol-lecció Aedos ; _v1 |
|
| 651 | 4 |
_aCataluña- _xDescripción. _98009 |
|
| 700 | 1 |
_aMaragall, Joan, _d1860-1911 _9152432 |
|
| 830 | 0 |
_aCol-lecció Aedos ; _v1 _9223191 |
|
| 852 |
_aES-MaACL _jC-12844 _9R.40653 |
||
| 999 |
_c171616 _d171616 |
||